The factorial analysis of human ability / (Record no. 30666)
[ view plain ]
| 000 -LEADER | |
|---|---|
| fixed length control field | 00817nam a2200253 a 4500 |
| 001 - CONTROL NUMBER | |
| control field | 30666 |
| 003 - CONTROL NUMBER IDENTIFIER | |
| rucl marc code | BD-RjUL |
| 005 - DATE AND TIME OF LATEST TRANSACTION | |
| control field | 20211209051610.0 |
| 008 - FIXED-LENGTH DATA ELEMENTS--GENERAL INFORMATION | |
| fixed length control field | 140410s1951 enkd 000 0 eng u |
| 035 ## - SYSTEM CONTROL NUMBER | |
| System control number | oxf98316105 |
| -- | ( BD-RjUL)30753 |
| 040 ## - CATALOGING SOURCE | |
| Original cataloging agency | FQG |
| Modifying agency | BD-RjUL |
| Language of cataloging | eng |
| Transcribing agency | OCL |
| 041 ## - LANGUAGE CODE | |
| Language code of text/sound track or separate title | eng |
| 082 #4 - DEWEY DECIMAL CLASSIFICATION NUMBER | |
| Classification number | 151.1 |
| Author mark and year | THF 1951 |
| 100 1# - MAIN ENTRY--PERSONAL NAME | |
| Personal name | Thomson, Godfrey H. |
| Fuller form of name | (Godfrey Hilton), |
| Dates associated with a name | 1881-1955 |
| 9 (RLIN) | 62741 |
| 245 14 - TITLE STATEMENT | |
| Title | The factorial analysis of human ability / |
| Statement of responsibility, etc. | by Godfrey H. Thomson |
| 260 ## - PUBLICATION, DISTRIBUTION, ETC. (IMPRINT) | |
| Place of publication, distribution, etc. | London : |
| Name of publisher, distributor, etc. | University of London Press, |
| Date of publication, distribution, etc. | 1951. |
| 300 ## - PHYSICAL DESCRIPTION | |
| Pagination | xv, 326 p. : |
| Illustrations | diagrs ; |
| Size | 23 cm |
| 500 ## - GENERAL NOTE | |
| General note | "First published January 1939." |
| General note | "Printed in Great Britain." |
| 504 ## - BIBLIOGRAPHY, ETC. NOTE | |
| Bibliography, etc | "References": p.316-322 |
| 650 #0 - SUBJECT ADDED ENTRY--TOPICAL TERM | |
| Topical term or geographic name as entry element | Ability |
| General subdivision | Testing |
| 9 (RLIN) | 93164 |
| Topical term or geographic name as entry element | Psychology |
| General subdivision | Methodology |
| 9 (RLIN) | 93165 |
| 942 ## - ADDED ENTRY ELEMENTS (KOHA) | |
| Source of classification or shelving scheme | Dewey Decimal Classification |
| Koha item type | Books |
| Lost status | Source of classification or shelving scheme | Damaged status | Not for loan | Permanent Location | Current Location | Shelving location | Date acquired | Source of acquisition | Cost, normal purchase price | Total Checkouts | Full call number | Date last seen | Copy number | Koha item type |
|---|---|---|---|---|---|---|---|---|---|---|---|---|---|---|
| Dewey Decimal Classification | Not For Loan | Central Library, University of Rajshahi | Central Library, University of Rajshahi | Reading Room | 26/05/1956 | Prof;Zaidi | 10.00 | 151.1 THF 1951 | 10/04/2014 | C-1 | Books |